000 01056nam a2200301 i 4500
003 DO-SdBNP
005 20240503073632.0
007 ta
008 230329b1987 sp a|||| |||| 00| 0 spa d
020 _a9788420727943
040 _aDO-SdBNP
_bspa
_cBNPHU
_erda
082 4 _a863.3
_bC419don 1987
_222
100 1 _aCervantes Saavedra, Miguel de,
_d1547-1616
_93070
245 1 0 _aDon Quijote de la mancha /
_cMiguel de Cervantes ; edición, introducción y notas Ángel Basanta
264 _aMadrid :
_bAnaya,
_c1987.
300 _a798 páginas ;
_c19 cm.
336 _2rdacontent
_atexto
_btxt
337 _2rdamedia
_asin medición
_bn
338 _2rdacarrier
_avolumen
_bnc
490 0 _aBiblioteca Didáctica Anaya
_v24
500 _aIncluye referencias bibliográficas y notas al pie de las páginas
590 _aInventariado, 2023/BT
650 4 _aNovela española
_91123
650 4 _aLiteratura española
_9632
700 1 _aBasanta, Ángel,
_eedición y notas
_973149
910 _aBtavárez/Validado. Control de calidad MFF
942 _2ddc
_cLBS1
999 _c53192
_d53192